000 00291nam a22001337a 4500
008 170324b xxu||||| |||| 00| 0 eng d
020 _a9780072328912
041 _aeng
080 _27TH
_a615.82
100 _a8
101 _aSHM
245 _aSPORT IN SOCIETY
_cCOAKLEY, J
942 _2udc
_cBK
999 _c8593
_d8593